|
|
|
|
| LEADER |
00000cam a2200000 i 4500 |
| 001 |
1/81319 |
| 008 |
960829s1934 gr | ||| |||| ||gre|| |
| 035 |
|
|
|a 1994
|b 3
|c Μηνάς
|l 10033663
|
| 040 |
|
|
|a GR-MyUa
|b gre
|e AACR2
|
| 041 |
0 |
|
|a gre
|
| 082 |
7 |
|
|a 889.1
|
| 100 |
1 |
|
|a Αποστολάκης, Γιάννης,
|d 1886-1947.
|
| 245 |
1 |
3 |
|a Τα τραγούδια μας /
|c Γιάννη Μ. Αποστολάκη.
|
| 260 |
|
|
|a Αθήναι :
|b Πυρσός,
|c 1934.
|
| 300 |
|
|
|a 365 σ.
|
| 600 |
1 |
0 |
|a Σολωμός, Διονύσιος,
|d 1798-1857.
|
| 650 |
|
0 |
|a Greek poetry, Modern
|y 19th century
|x History and criticism.
|
| 852 |
|
|
|a INST
|b RHODES
|e 19960829
|h 889.1 ΑΠΟ
|p 005400007679
|q 005400007679
|t BK
|y 0
|
| 970 |
|
|
|z 2000/06/ΚΑΤΕΡΙΝΑ
|
| 970 |
|
|
|z 2000/06/ΚΑΤΕΡΙΝΑ
|